The Peckham Experiment/ (Record no. 9256)
[ view plain ]
| 000 -LEADER | |
|---|---|
| fixed length control field | 00614nam a2200193 4500 |
| 003 - CONTROL NUMBER IDENTIFIER | |
| control field | OSt |
| 005 - DATE AND TIME OF LATEST TRANSACTION | |
| control field | 20240719122044.0 |
| 008 - FIXED-LENGTH DATA ELEMENTS--GENERAL INFORMATION | |
| fixed length control field | 240719b |||||||| |||| 00| 0 eng d |
| 020 ## - INTERNATIONAL STANDARD BOOK NUMBER | |
| International Standard Book Number | 041541749x |
| 040 ## - CATALOGING SOURCE | |
| Original cataloging agency | DDC |
| Transcribing agency | MUST |
| 082 ## - DEWEY DECIMAL CLASSIFICATION NUMBER | |
| Edition number | 20 |
| Classification number | 301 PEA 2007 |
| 100 ## - MAIN ENTRY--PERSONAL NAME | |
| Personal name | Crocker Lucy H. and Pearse Innes H. |
| 9 (RLIN) | 18916 |
| 245 ## - TITLE STATEMENT | |
| Title | The Peckham Experiment/ |
| Statement of responsibility, etc. | Crocker Lucy H. and Pearse Innes H. |
| 260 ## - PUBLICATION, DISTRIBUTION, ETC. (IMPRINT) | |
| Place of publication, distribution, etc. | NY: |
| Name of publisher, distributor, etc. | Routledge ( Taylor & Francis Group) |
| Date of publication, distribution, etc. | 2007. |
| 300 ## - PHYSICAL DESCRIPTION | |
| Extent | xvi,333p.: |
| Other physical details | ill,; |
| Dimensions | 24.3cm. |
| 504 ## - BIBLIOGRAPHY, ETC. NOTE | |
| Bibliography, etc | Includes Bibliographical Appendixes and Indexes |
| 650 ## - SUBJECT ADDED ENTRY--TOPICAL TERM | |
| Topical term or geographic name as entry element | Human Biology |
| 9 (RLIN) | 18917 |
| 942 ## - ADDED ENTRY ELEMENTS (KOHA) | |
| Source of classification or shelving scheme | Dewey Decimal Classification |
| Koha item type | Open Shelf |
| Withdrawn status | Lost status | Source of classification or shelving scheme | Damaged status | Not for loan | Home library | Current library | Source of acquisition | Inventory number | Total Checkouts | Full call number | Barcode | Date last seen | Koha item type |
|---|---|---|---|---|---|---|---|---|---|---|---|---|---|
| Dewey Decimal Classification | MUST Main Library | MUST Main Library | Purchase | 15/39463 | 301 PEA 2007 | 2024-22066 | 19/07/2024 | Open Shelf |
